000 00662nam a2200277Ia 4500
005 20260324144730.0
008 008 260324s9999 xx 000 0 eng d
020 _a9781315803883
037 _aEBOOK
040 _aCRL
040 _beng
040 _cCRL
041 _2eng
041 _aeng
084 _qCRL
100 _aM. White; Marcella Bakur Weiner
_91220401
245 4 _aThe Theory And Practice Of Self Psychology
260 _bTaylor and Francis
260 _c1986
365 _a
365 _b220
856 _uhttp://www.taylorfrancis.com/books/9781315803883
942 _cEBOOK
999 _c1827390
_d1827390